000 00550nam a2200205Ia 4500
005 20250326141721.0
008 250326s9999 xx 000 0 und d
020 _a0-13-558065-X
037 _aTextbook
040 _aFMSL
_beng
_cFMSL
041 _aeng
_2eng
084 _aX:51 M9
_qFMSL
100 _aMakens J C
_9744949
245 0 _a12-day marketing plan
_cMakens J C
250 _a`
260 _aWellingbonsigh
_bWellingbonsigh, Thorson Pub. Ltd
_c1989
300 _a255p
942 _cTB
_hX:51 M9
999 _c1291639
_d1291639